Carta con fecha junio 09 de 1942 al R.P. Rafael Ramírez, S.J
Síntesis: Carta de Miguel Palomar y Vizcarra al Padre Rafael Ramírez, S.J. donde dice que tiene gran cantidad de documentos del archivo de Guanajuato. También le informa que seguirá trabajando sobre las anotaciones del libro de Carreño.
Uloženo v:
| Hlavní autor: | |
|---|---|
| Médium: | Kniha |
| Edice: | 1942/junio/9
|
| Témata: | |
| Tagy: |
Žádné tagy, Buďte první, kdo vytvoří štítek k tomuto záznamu!
|
MARC
| LEADER | 00000nam^a2200000^a^4500 | ||
|---|---|---|---|
| 001 | 000251154 | ||
| 005 | 20250526000000.0 | ||
| 009 | 20260310105843.919 | ||
| 035 | |a R01028 | ||
| 037 | |a Acervo Xavier Clavigero | ||
| 082 | |a 21. 2 |b PAL V. LIBRO 5 35/114 | ||
| 100 | |a Palomar y Vizcarra, Miguel |e (autor) | ||
| 245 | 1 | 0 | |a Carta con fecha junio 09 de 1942 al R.P. Rafael Ramírez, S.J |
| 264 | |a México : |b Destinatario: Ramírez, Rafael, Sacerdote, |c 1942 | ||
| 300 | |a 1 foja mcs/orig. 21.5 X 28 cms. | ||
| 336 | |a texto |b txt |2 rdacontenido | ||
| 337 | |a sin mediación |b n |2 rdamedio | ||
| 338 | |a volumen |b nc |2 rdasoporte | ||
| 440 | |a 1942/junio/9 | ||
| 520 | |a Síntesis: Carta de Miguel Palomar y Vizcarra al Padre Rafael Ramírez, S.J. donde dice que tiene gran cantidad de documentos del archivo de Guanajuato. También le informa que seguirá trabajando sobre las anotaciones del libro de Carreño. | ||
| 598 | |a Carta | ||
| 598 | |a En la biblioteca del ILFC, Guadalajara, Jal. | ||
| 649 | |a XX | ||
| 650 | |a * Palomar y Vizcarra, Miguel - |x Correspondencia, memorias, etc | ||
| 650 | |a Guerra Cristera | ||
| 650 | |a * Ramírez, Rafael | ||
| 650 | |a * Barquín y Ruiz, Andrés | ||
| 650 | |a Díaz y Barreto, Pascual | ||
| 650 | |a Carreño, Alberto María | ||
| 650 | |a * Santiago | ||
| 910 | |a Fondo Jesús Gómez Fregoso S.J. FXC | ||
| 920 | |a Impresos - Documentos | ||
| 930 | |a Libros Antiguos y Raros | ||
| 940 | |a Guerra Cristera | ||
| 905 | |a 110 | ||
| 901 | |a R01028 |b IT2 |c LRA |i R01028 |u 20250526 | ||
| 902 | |a https://opac.biblio.iteso.mx/vufind/Record/000251154 | ||